01180nam a2200205Ia 4500008004100000020003300041050001500074100003000089245004600119250001200165260004100177300001700218500009800235505034500333650005000678942001200728952010900740952010800849999001700957120622s9999 xx 000 0 und d a958-604-244-5\ 958-35-0433-5 aHV6025 R44 aReyes Echandía, Alfonso aCriminología / Alfonso Reyes Echandía a8a. ed. aSanta Fé de Bogotá : Temisc1999 axvii, 360 p. aIncluye bibliografía p. 338 e índices p. 347 \Reimpresiones 3a. de 1999.- 4a. de 2003.- aContenido: Introducción.- Explicación de la criminalidad : generalidades.- Aspectos Ecológicos.- Aspectos Sociales.- Aspectos Económico-Políticos.- Dinámica criminal.- La criminalidad en general.- La criminalidad en Colombia.- Reacción social.- Generalidades.- Prevención.- Represión.- Otras formas de reacción social.- a1. DELITOS Y DELINCUENTESÌ\2. CRIMINOLOGIA 2lcccLB 00104070a22b22d2007-01-25l24m1o364 R457C 1999p01 008319r2019-08-23s2019-08-23w2012-06-24yLB 00104070a01b01d2012-06-08l4o364 R457C 1999p01 013250r2023-06-10s2023-06-10t2w2012-06-24yLB c57206d57206